Сын России: книга-альбом

Xehetasun bibliografikoak
Egile nagusia: Лиханов А. А. Альберт Анатольевич
Beste egile batzuk: Кукулиев Б. Н. Борис Николаевич (художник), Кукулиева К. В. Калерия Васильевна, Ан О. Олег
Gaia:На пер. авт. не указан
Загл. указано на корешке
В футляре.
Это книга-раздумье о подвиге Ю. А. Гагарина, о Родине - Советской стране, взрастившей героя, о вековой мечте человека - покорении космоса.
Hizkuntza:errusiera
Argitaratua: Москва, Молодая гвардия, 1982
Edizioa:2-е изд.
Gaiak:
Formatua: Liburua
KOHA link:https://koha.lib.tpu.ru/cgi-bin/koha/opac-detail.pl?biblionumber=198667

MARC

LEADER 00000nam0a2200000 4500
001 198667
005 20240914063125.0
035 |a (RuTPU)RU\TPU\book\216679 
090 |a 198667 
100 |a 20110706d1982 m y0rusy50 ca 
101 0 |a rus 
102 |a RU 
105 |a ac z 000zb 
200 1 |a Сын России  |e книга-альбом  |f А. А. Лиханов  |g худ. Б. Н. Кукулиев, К. В. Кукулиева, О. Ан 
205 |a 2-е изд. 
210 |a Москва  |c Молодая гвардия  |d 1982 
215 |a 112 с., [12] вкл. л.  |c ил., портр.  |d 33 см. 
300 |a На пер. авт. не указан 
300 |a Загл. указано на корешке 
300 |a В футляре. 
330 |a Это книга-раздумье о подвиге Ю. А. Гагарина, о Родине - Советской стране, взрастившей героя, о вековой мечте человека - покорении космоса. 
600 1 |a Гагарин  |b Ю. А.  |c российский летчик-космонавт  |c Герой Советского Союза  |f 1934-1968  |g Юрий Алексеевич  |2 stltpush  |3 (RuTPU)RU\TPU\pers\50  |9 33 
600 1 |a Ломоносов  |g Михаил Васильевич  |b М. В.  |c ученый-естествоиспытатель, поэт, историк, художник, деятель просвещения, науки и экономики  |f 1711-1765  |2 stltpush  |3 (RuTPU)RU\TPU\pers\975 
600 1 |a Пушкин  |b А. С.  |c российский поэт  |c писатель  |f 1799-1837  |g Александр Сергеевич  |7 ca  |8 rus  |2 stltpush  |3 (RuTPU)RU\TPU\pers\1026  |9 453 
600 1 |a Циолковский  |g Константин Эдуардович  |b К. Э.  |c русский ученый  |c изобретатель  |c основоположник современной космонавтики  |f 1857-1935  |2 stltpush  |3 (RuTPU)RU\TPU\pers\1304 
600 1 |a Чкалов  |b В. П.  |c российский летчик-испытатель, комбриг  |c Герой Советского Союза  |f 1904-1938  |g Валерий Павлович  |2 stltpush  |3 (RuTPU)RU\TPU\pers\20358  |9 8141 
600 1 |a Королев  |b С. П.  |c российский конструктор ракетно-космических систем  |c Герой Социалистического труда  |f 1906/1907-1966  |g Сергей Павлович  |2 stltpush  |3 (RuTPU)RU\TPU\pers\13510  |9 4159 
610 1 |a Россия 
610 1 |a 20 век 
610 1 |a герои 
610 1 |a космос 
610 1 |a палехская миниатюра 
610 1 |a альбомы 
686 |a Ч611.68  |v LBC/SL-A  |2 rubbk 
700 1 |a Лиханов  |b А. А.  |g Альберт Анатольевич 
702 1 |a Кукулиев  |b Б. Н.  |c российский художник  |f 1936-  |g Борис Николаевич  |2 stltpush  |3 (RuTPU)RU\TPU\pers\15948  |4 040  |9 5571 
702 1 |a Кукулиева  |b К. В.  |c российский художник  |f 1937-  |g Калерия Васильевна  |2 stltpush  |3 (RuTPU)RU\TPU\pers\15949  |4 040  |9 5572 
702 1 |a Ан  |b О.   |g Олег  |4 040 
801 1 |a RU  |b 63413507  |c 20110706 
801 2 |a RU  |b 63413507  |c 20110708  |g RCR 
942 |c BK